| 000 | 00630nam a2200241Ia 4500 | ||
|---|---|---|---|
| 003 | OSt | ||
| 005 | 20220918191150.0 | ||
| 006 | a|||||r|||| 00| 0 | ||
| 007 | ta | ||
| 008 | 220917b |||||||| |||| 00| 0 eng d | ||
| 024 | _a61,821 | ||
| 037 | _cTextual | ||
| 040 |
_aARTS _cARTS _beng |
||
| 041 |
_2eng _aeng |
||
| 082 | _aQ43, L1 | ||
| 100 |
_aSgam Po Pa _975155 |
||
| 245 | 0 | _aJewel ornament of liberation tr by Herbert V Guenther | |
| 260 |
_aBoulder _bShambhala _c1971 |
||
| 300 |
_axvi, 333p. _ccm. |
||
| 650 | _aRELIGION | ||
| 942 |
_hQ43, L1 _cTEXL _2CC |
||
| 999 |
_c188590 _d188590 |
||